Rock art of the American Indian. (Record no. 799)

MARC details
000 -LEADER
fixed length control field 00845nam a22002771 4500
005 - DATE AND TIME OF LATEST TRANSACTION
control field 20260322212034.0
008 - FIXED-LENGTH DATA ELEMENTS--GENERAL INFORMATION
fixed length control field data
010 ## - LIBRARY OF CONGRESS CONTROL NUMBER
LC control number 67012402
040 ## - CATALOGING SOURCE
Original cataloging agency DLC
Transcribing agency DLC
Modifying agency DLC
043 ## - GEOGRAPHIC AREA CODE
Geographic area code n------
050 00 - LIBRARY OF CONGRESS CALL NUMBER
Classification number E98.P6
Item number G7
082 00 - DEWEY DECIMAL CLASSIFICATION NUMBER
Classification number 709.01/1
092 ## - LOCALLY ASSIGNED DEWEY CALL NUMBER (OCLC)
Classification number 709.01 G7 1967
001 - CONTROL NUMBER
control field data
100 1# - MAIN ENTRY--PERSONAL NAME
Personal name Grant, Campbell,
Dates associated with a name 1909-
245 10 - TITLE STATEMENT
Title Rock art of the American Indian.
Statement of responsibility, etc. Campbell Grant.
260 ## - PUBLICATION, DISTRIBUTION, ETC.
Place of publication, distribution, etc. New York,
Name of publisher, distributor, etc. Crowell
Date of publication, distribution, etc. [1967]
300 ## - PHYSICAL DESCRIPTION
Extent xiv, 178 p.
Other physical details illus., 23 col. plates.
Dimensions 26 cm.
504 ## - BIBLIOGRAPHY, ETC. NOTE
Bibliography, etc. note Bibliography: p. 156-170.
650 #0 - SUBJECT ADDED ENTRY--TOPICAL TERM
Topical term or geographic name entry element Rock paintings
Geographic subdivision North America.
650 #0 - SUBJECT ADDED ENTRY--TOPICAL TERM
Topical term or geographic name entry element Petroglyphs
Geographic subdivision North America.
650 #0 - SUBJECT ADDED ENTRY--TOPICAL TERM
Topical term or geographic name entry element Indians of North America
General subdivision Antiquities.
651 #0 - SUBJECT ADDED ENTRY--GEOGRAPHIC NAME
Geographic name North America
General subdivision Antiquities.
906 ## - LOCAL DATA ELEMENT F, LDF (RLIN)
a 7
b cbc
c orignew
d u
e ocip
f 19
g y-gencatlg
991 ## -
-- c-GenColl
-- E98.P6
-- G7
-- 00010247767
-- Copy 1
-- BOOKS
Holdings
Withdrawn status Lost status Damaged status Not for loan Home library Current library Shelving location Date acquired Total checkouts Full call number Barcode Date last seen Price effective from Koha item type
        Midway Midway General stacks 22/03/2026   709.01/1 BC0010822 22/03/2026 22/03/2026 Books